Helena-parole-je t'aime (bien) - Statistiques

Statistiques générales
  • Ce quiz a été pris 130 fois
  • Le résultat moyen est 251 sur 323
Statistiques - réponses
Réponse % Correct
je
99%
la
97%
le
97%
t'aime
97%
te
97%
à
96%
a
96%
en
94%
jamais
94%
l'air
94%
ma
94%
silence
94%
comme
93%
me
93%
les
91%
mais
91%
tu
91%
bien
90%
ce
90%
ces
90%
coeur
90%
de
90%
dis
90%
j'ai
90%
sais
90%
ça
89%
ca
89%
dire
89%
escargot
89%
bête
87%
c'est
87%
mon
87%
regarde
87%
regret
87%
fais
86%
j'arrive
86%
mots
86%
quand
86%
comment
84%
un
84%
dans
83%
facile
83%
oreille
83%
que
83%
renferme
83%
secret
83%
distance
81%
coincé
80%
coquille
80%
on
80%
bout
79%
l'dis
79%
pain
79%
par
79%
sentiments
77%
moment
76%
ses
76%
des
74%
l'avoue
74%
pas
74%
sait
74%
tous
74%
m'gêne
73%
m'gene
73%
tout
73%
avec
71%
BIC
71%
et
70%
reste
70%
veux
69%
j'finis
67%
peur
67%
une
66%
doux
64%
romantiques
64%
bégaie
63%
crayon
63%
sort
63%
chanson
61%
tes
61%
toi
59%
pourtant
57%
autour
56%
perdre
56%
qui
56%
t'ecrirais
56%
bras
54%
moi
53%
m'regardes
53%
plait
53%
carapace
51%
pourquoi
51%
efface
50%
l'sais
50%
t'attend
50%
flammes
49%
j'ecris
49%
j'prenne
49%
m'enroule
49%
puis
49%
coeurs
44%
d'avouer
34%
oh
34%
Aucun quiz correspondant
Distribution des résultats
% des personnes avec chaque résultat
Percentile par nombre de réponses
Votre historique - résultats
Vous n’avez pas pris ce quiz